[Event "Enger Knappen Cup op-B"]
[Site "Enger"]
[Date "2009.12.28"]
[Round "4"]
[White "Bruning, Harald"]
[Black "Zuerik, Maximilian"]
[Result "1-0"]
[WhiteElo "1434"]
[BlackElo "766"]
[PlyCount "41"]
[EventDate "2009.12.27"]
[EventType "swiss"]
[EventRounds "7"]
[EventCountry "GER"]
[SourceTitle "EXT 2011"]
[Source "ChessBase"]
[SourceDate "2010.11.26"]
[SourceVersion "1"]
[SourceVersionDate "2010.11.26"]
[SourceQuality "1"]

1. b3 d5 2. Bb2 Nc6 3. e3 e5 4. Bb5 f6 5. Nf3 Bd7 6. Nc3 d4 7. exd4 exd4 8. Ne2 a6 9. Bxc6 Bxc6 10. Nexd4 Bxf3 11. Qxf3 b6 12. 0-0 Bc5 13. Rae1+ Ne7 14. Ne6 Qd6 15. Qxa8+ Kf7 16. Qxh8 Qxd2 17. Qxg7+ Ke8 18. Rd1 Bxf2+ 19. Kh1 Qxd1 20. Rxd1 Nc6 21. Nxc7# 1-0